[Event "SLO-ch int blind"]
[Site "Izola"]
[Date "1997.??.??"]
[Round "?"]
[White "Markov, Ziva"]
[Black "Negovanovic, B."]
[Result "1/2-1/2"]
[WhiteElo "2220"]
[BlackElo "2150"]

1.e4 c5 2.Nf3 e6 3.d4 cxd4 4.Nxd4 a6 5.Nc3 Qc7 6.g3 b5 7.Bg2 Bb7 8.O-O Nf6
9.a3 Nc6 10.h3 Be7 11.Kh2 O-O 12.f4 Nxd4 13.Qxd4 d6 14.Be3 Rfc8 15.Rad1 Qc4
16.e5 Qxd4 17.Bxd4 Bxg2 18.exf6 Bxf1 19.fxe7 Bc4 20.Bb6 Re8 21.Bd8 Raxd8
22.exd8=Q Rxd8 23.b3 Bd5  1/2-1/2

[Event "World Cities"]
[Site "Jakarta "]
[Date "1997.??.??"]
[Round "5"]
[White "Kosasih, Cecep"]
[Black "Korneev, Oleg"]
[Result "0-1"]
[WhiteElo "2320"]
[BlackElo "2565"]

1.e4 c5 2.Nf3 e6 3.d4 cxd4 4.Nxd4 a6 5.Nc3 Qc7 6.g3 Nc6 7.Bg2 Nf6 8.O-O Bc5
9.Nb3 Ba7 10.Bf4 Ne5 11.Bxe5 Qxe5 12.Kh1 Qc7 13.f4 d6 14.Qe2 h5 15.Rad1 Ng4
16.Rd3 Bd7 17.Bf3 O-O-O 18.Bxg4 hxg4 19.Rfd1 f5 20.Rxd6 Bc6 21.R6d3 g5 22.fxg5 fxe4  0-1

[Event "Kastel Stari op"]
[Site "Kastel Stari"]
[Date "1997.??.??"]
[Round "9"]
[White "Fercec, Nenad"]
[Black "Rogic, Davor"]
[Result "1-0"]
[WhiteElo "2430"]
[BlackElo "2455"]

1.e4 c5 2.Nf3 e6 3.d4 cxd4 4.Nxd4 a6 5.Nc3 d6 6.Be2 b5 7.O-O Bb7 8.a3 Nf6
9.Bd3 Nbd7 10.f4 Rc8 11.Kh1 h6 12.Qe2 Qc7 13.Bd2 g5 14.f5 e5 15.Ne6 Qc6 16.b4 Ke7
17.Nxf8 Rhxf8 18.a4 bxa4 19.Rxa4 Nb6 20.b5 axb5 21.Rb4 Nc4 22.Bxc4 bxc4 23.Rfb1 Ba8
24.Rb6 Qc7 25.h4 gxh4 26.Ra6 Rb8 27.Rba1 Rg8 28.Be1 h3 29.gxh3 Qc5 30.Bh4 Qd4
31.Ra7+ Kf8 32.Rxa8 Rxa8 33.Rxa8+ Ne8 34.Qe1  1-0

[Event "RUS-ch U16"]
[Site "Kazan"]
[Date "1997.??.??"]
[Round "9"]
[White "Grigoriants, Sergey"]
[Black "Maslak, Konstantin"]
[Result "1-0"]
[WhiteElo "2315"]
[BlackElo "2305"]

1.e4 c5 2.Nf3 e6 3.Nc3 a6 4.d4 cxd4 5.Nxd4 Qc7 6.Bd3 Nf6 7.O-O b5 8.Be3 Bb7
9.a3 d5 10.exd5 Nxd5 11.Nxd5 Bxd5 12.Qg4 Nd7 13.Rfe1 Bd6 14.Qh4 Ne5 15.Be4 Bxe4
16.Qxe4 O-O 17.h3 Nc4 18.Bc1 Be7 19.b3 Nb6 20.Bf4 Qd7 21.Nc6 Rac8 22.Nxe7+ Qxe7
23.Be5 Qg5 24.Re3 Nd7 25.Bxg7 Qxg7 26.Rg3 Nc5 27.Rxg7+ Kxg7 28.Qd4+ f6 29.Rd1 e5
30.Qg4+ Kh8 31.Qf5 Rce8 32.b4 Ne6 33.Rd7 Ng5 34.h4  1-0

[Event "Klatovy op-A"]
[Site "Klatovy"]
[Date "1997.??.??"]
[Round "?"]
[White "Sott, Pavel"]
[Black "Kalikova, Jana"]
[Result "0-1"]
[WhiteElo "1950"]
[BlackElo "2125"]

1.e4 c5 2.Nc3 e6 3.Nf3 a6 4.d4 cxd4 5.Nxd4 d6 6.Be2 Nf6 7.f4 Qc7 8.Be3 b5
9.Bf3 Bb7 10.a3 Nbd7 11.O-O Be7 12.Nb3 O-O 13.g4 Nc5 14.Nxc5 dxc5 15.g5 Ne8
16.e5 Rd8 17.Qe2 Bxf3 18.Qxf3 f6 19.gxf6 gxf6 20.Qg4+ Kh8 21.Qxe6 Ng7 22.Qh3 fxe5
23.fxe5 Qxe5 24.Rae1 b4 25.Bf4 Qd4+ 26.Be3 Qc4 27.Rxf8+ Rxf8 28.Bh6 Qd4+
29.Be3 Qh4 30.Qxh4 Bxh4 31.Bxc5 Bxe1 32.Bxf8 bxc3 33.b4 Nf5 34.Bc5 Bd2 35.Kf2 Kg7
36.a4 Bf4 37.h3 Be5 38.b5 axb5 39.axb5 Nd4 40.Bxd4 Bxd4+ 41.Ke2 Kf6 42.Kd3 Ke5
43.b6 Bxb6 44.Kxc3 Kf4 45.Kd3 Kg3 46.Ke2 Kxh3 47.Kf3 h5 48.c3 h4 49.c4 Bc5  0-1

[Event "Koge op"]
[Site "Koge"]
[Date "1997.??.??"]
[Round "4"]
[White "Fuglsang, Flemming"]
[Black "Kengis, Edvins"]
[Result "0-1"]
[WhiteElo "2275"]
[BlackElo "2590"]

1.e4 c5 2.Nf3 e6 3.d4 cxd4 4.Nxd4 a6 5.Nc3 b5 6.g3 Bb7 7.Bg2 Nf6 8.O-O b4
9.Nd5 exd5 10.exd5 Bc5 11.Re1+ Kf8 12.Nf5 d6 13.Bf4 Bc8 14.Nd4 h6 15.h4 Bg4
16.Qd2 Qb6 17.c3 a5 18.a3 b3 19.a4 Na6 20.Nb5 Bd7 21.Bf1 Nc7 22.Na3 Ncxd5
23.Nc4 Qc7 24.Bg2 Bc6 25.Ne5 dxe5 26.Bxe5 Qb6 27.c4 Ne7  0-1

[Event "Koge op"]
[Site "Koge"]
[Date "1997.??.??"]
[Round "6"]
[White "Mortensen, Erling"]
[Black "Kengis, Edvins"]
[Result "1/2-1/2"]
[WhiteElo "2450"]
[BlackElo "2585"]

1.e4 c5 2.Nc3 e6 3.Nf3 a6 4.d4 cxd4 5.Nxd4 b5 6.Bd3 Qb6 7.Nb3 Qc7 8.Qe2 Bb7
9.Bd2 b4 10.Nd1 Nf6 11.f4 Nc6 12.Nf2 d6 13.O-O Be7 14.Rae1 Nd7 15.Qg4 h5
16.Qh3 Nc5 17.f5 Bf6 18.Nxc5 dxc5 19.e5 Bxe5 20.fxe6 f6 21.Bg6+ Ke7 22.Nd3 Bd6
23.Bf4 c4 24.Bxd6+ Qxd6 25.Nf4 Ne5 26.Kh1 Rad8 27.c3 Rh6 28.Qf5 Bc8 29.Bf7 a5
30.h3 h4 31.Re2 Bb7 32.Rfe1 Nd3 33.Nxd3 cxd3 34.Rd2 Qd5 35.Qxd5 Bxd5 36.cxb4 axb4
37.Re3 Bxa2 38.Rexd3 Rxd3 39.Rxd3 Bxe6 40.Bxe6 Kxe6 41.Rb3 g5  1/2-1/2

[Event "Koge op"]
[Site "Koge"]
[Date "1997.??.??"]
[Round "7"]
[White "Fuglsang, Flemming"]
[Black "Mortensen, Erling"]
[Result "0-1"]
[WhiteElo "2275"]
[BlackElo "2455"]

1.e4 c5 2.Nf3 e6 3.d4 cxd4 4.Nxd4 a6 5.Nc3 b5 6.Bd3 Qb6 7.Nb3 Qc7 8.O-O Bb7
9.Re1 b4 10.Ne2 Nf6 11.Bf4 d6 12.Ng3 Nc6 13.a3 bxa3 14.Rxa3 h5 15.Nf1 h4
16.Nc5 e5 17.Nxb7 exf4 18.Rb3 Ra7 19.Qa1 Nd7 20.Bxa6 Ndb8 21.Bb5 Rxa1 22.Rxa1 Ke7
23.Bd3 h3 24.g3 g5 25.Nd2 Ne5 26.Ra7 Nbc6 27.Ra4 Bg7 28.Nc4 Nxc4 29.Rxc4 Ra8
30.f3 Ra7 31.e5 Rxb7 32.exd6+ Kxd6  0-1

[Event "Cassovia op"]
[Site "Kosice"]
[Date "1997.??.??"]
[Round "?"]
[White "Mrva, Martin"]
[Black "Golovanj, Andrej"]
[Result "1/2-1/2"]
[WhiteElo "2395"]
[BlackElo "2210"]

1.e4 c5 2.Nf3 e6 3.Nc3 a6 4.d4 cxd4 5.Nxd4 Qc7 6.Bd3 Bc5 7.Be3 Nf6 8.O-O O-O
9.Na4 Ba7 10.c4 d5 11.cxd5 exd5 12.Rc1 Qd8 13.Nf5 Bxf5 14.exf5 Bxe3 15.fxe3 Nc6
16.Qd2  1/2-1/2

[Event "Cassovia op"]
[Site "Kosice"]
[Date "1997.??.??"]
[Round "?"]
[White "Stets, Dmitry"]
[Black "Prihotko, Alexander"]
[Result "1-0"]
[WhiteElo "2340"]
[BlackElo "2195"]

1.e4 c5 2.Nf3 e6 3.d4 cxd4 4.Nxd4 a6 5.Nc3 Qc7 6.Bd3 Bc5 7.Nb3 Be7 8.O-O Nf6
9.f4 d6 10.Qf3 Nbd7 11.Bd2 O-O 12.Rae1 Re8 13.Kh1 Nf8 14.e5 N6d7 15.exd6 Bxd6
16.Nd5 Qd8 17.Ba5 Qh4 18.Nc7 Bxc7 19.Bxc7 Nf6 20.c4 Bd7 21.Nd4 Rac8 22.Qxb7 Ng4
23.Nf3 Qe7 24.h3 Nf6 25.Qb6 Bc6 26.Qxc6 Rxc7 27.Qxa6 Nh5 28.Kh2 Nxf4 29.Be4 Ra7
30.Qb6 Rxa2 31.Ne5 Nh5 32.Bb1 Raa8 33.Rxf7 Qg5 34.Qe3 Qd8 35.Ref1 Rb8 36.Qe4 g6
37.Rxh7 Nf6 38.Rxf6 Qxf6 39.Rf7 Qg5 40.Rf4 Rxb2 41.Nxg6 Nxg6 42.Rg4 Qxg4  1-0

[Event "MK Cafe Cup-B"]
[Site "Koszalin"]
[Date "1997.??.??"]
[Round "10"]
[White "Kaszynski, Bartiomiej"]
[Black "Bartos, Dariusz"]
[Result "1/2-1/2"]
[WhiteElo "2030"]
[BlackElo "2155"]

1.e4 c5 2.Nf3 e6 3.d4 cxd4 4.Nxd4 a6 5.Nc3 Qc7 6.Be2 Nf6 7.O-O Bb4 8.Qd3 Nc6
9.Nxc6 bxc6 10.Bg5 O-O 11.Bxf6 gxf6 12.f4 Bb7 13.Rf3 Kh8 14.Raf1 Rg8 15.Rh3 Rg7
16.Rh6  1/2-1/2

[Event "RUS-ch sf"]
[Site "Krasnodar"]
[Date "1997.??.??"]
[Round "?"]
[White "Bragin, A."]
[Black "Volzhin, Alexander"]
[Result "1/2-1/2"]
[WhiteElo "2395"]
[BlackElo "2505"]

1.e4 c5 2.Nf3 e6 3.d4 cxd4 4.Nxd4 a6 5.Nc3 Qc7 6.Be2 Nf6 7.O-O Be7 8.f4 d6
9.a4 O-O 10.Be3 b6 11.Bf3 Bb7 12.g4 Nc6 13.g5 Nxd4 14.Qxd4 Nd7 15.Qd2 Rfe8
16.Rad1 Bf8 17.Bg2 Bc6 18.Rf3 b5 19.axb5 axb5 20.Rh3 b4 21.Ne2 Qb7 22.Ng3 Nc5
23.Bxc5 dxc5 24.Qe2 Rad8 25.Rxd8 Rxd8 26.Qh5 h6 27.gxh6 Rd2 28.Qe5 c4 29.Nf1 Rxg2+
30.Kxg2 Bxe4+ 31.Kf2 Bxc2 32.Ne3 Bg6 33.f5 exf5 34.hxg7 Bxg7 35.Qe8+ Bf8
36.Qe5 Bg7 37.Qe8+ Bf8  1/2-1/2

[Event "RUS-Cup6"]
[Site "Krasnodar"]
[Date "1997.??.??"]
[Round "1"]
[White "Onoprienko, Vladimir"]
[Black "Galkin, Alexander"]
[Result "0-1"]
[WhiteElo "2295"]
[BlackElo "2510"]

1.e4 c5 2.Nf3 e6 3.Nc3 a6 4.d4 cxd4 5.Nxd4 d6 6.a4 b6 7.Bc4 Nf6 8.O-O Bb7
9.Re1 Qc8 10.Ba2 Be7 11.f4 g6 12.e5 dxe5 13.fxe5 Nfd7 14.Bh6 Nc6 15.Nxc6 Qxc6
16.Qg4 Qc5+ 17.Kh1 Nxe5 18.Qf4 Nd7 19.Rad1 g5 20.Qf1 Nf6 21.Bg7 Ng4 22.Bd4 Qc7
23.Qg1 Bc5 24.Nd5 Bxd5 25.Bxd5 O-O-O 26.b4 Bxd4 27.Rxd4 Rxd5 28.Rxg4 Rhd8
29.Qf1 Kb7 30.Qf6 Rf5 31.Qb2 Rd2  0-1

[Event "RUS-Cup6"]
[Site "Krasnodar"]
[Date "1997.??.??"]
[Round "2"]
[White "Onoprienko, Vladimir"]
[Black "Volzhin, Alexander"]
[Result "1-0"]
[WhiteElo "2295"]
[BlackElo "2505"]

1.e4 c5 2.Nc3 e6 3.Nf3 a6 4.d4 cxd4 5.Nxd4 Qc7 6.Be2 Nf6 7.O-O d6 8.f4 Be7
9.Kh1 O-O 10.g4 Re8 11.g5 Nfd7 12.Bf3 Nc6 13.Bg2 Nxd4 14.Qxd4 b5 15.a4 bxa4
16.Rxa4 Nc5 17.Ra1 Rb8 18.b3 Bf8 19.f5 a5 20.Bb2 Rb4 21.Qf2 Bb7 22.fxe6 fxe6
23.Rxa5 Nxe4 24.Nxe4 Rxe4 25.Bxe4 Bxe4+ 26.Kg1 e5 27.Ra4 Bg6 28.Rc4 Qd8 29.h4 d5
30.Ra4 Qc8 31.Ba3 Bxa3 32.Rxa3 Qxc2 33.Qxc2 Bxc2 34.Rc1 Bg6 35.Rc7 e4 36.Raa7 Kf8
37.Rxg7 e3 38.Kf1 d4 39.h5 e2+ 40.Ke1 d3 41.Rgd7 Bxh5 42.Rxd3 Rc8 43.Kf2 Kg8
44.Re7  1-0

[Event "RUS-Cup6"]
[Site "Krasnodar"]
[Date "1997.??.??"]
[Round "5"]
[White "Onoprienko, Vladimir"]
[Black "Landa, Konstantin"]
[Result "0-1"]
[WhiteElo "2295"]
[BlackElo "2570"]

1.e4 c5 2.Nf3 e6 3.Nc3 a6 4.d4 cxd4 5.Nxd4 Qc7 6.Be2 Nf6 7.O-O Bb4 8.Qd3 Nc6
9.Nxc6 bxc6 10.Bg5 a5 11.Qe3 Bd6 12.Kh1 h6 13.Bxf6 gxf6 14.f4 e5 15.Qg3 Ke7
16.Bh5 exf4 17.Qg7 Rf8 18.e5 Bxe5 19.Rae1 d5 20.g3 Be6 21.gxf4 Rg8 22.Qh7 Rh8
23.Qd3 Bxf4 24.Ne2 Be5 25.Nd4 Raf8 26.Nf5+ Bxf5 27.Rxf5 Rhg8 28.Qa3+ Qd6
29.Qxa5 Rg5 30.Qa7+ Ke6 31.Qf2 Rxf5 32.Bg4 Ke7 33.Qa7+ Qd7 34.Qc5+ Ke8 35.Bxf5 Qxf5
36.Qxc6+ Kd8 37.Qxd5+ Qd7 38.Qf3 Kc7 39.Re4 Qd5 40.c4 Qd2 41.Re2 Qc1+ 42.Kg2 Rg8+  0-1

[Event "RUS-Cup7"]
[Site "Kstovo"]
[Date "1997.??.??"]
[Round "7"]
[White "Sokolov, Alexander"]
[Black "Skomorokhin, Roman"]
[Result "0-1"]
[WhiteElo "2350"]
[BlackElo "2475"]

1.e4 c5 2.Nf3 e6 3.d4 cxd4 4.Nxd4 a6 5.Nc3 Qc7 6.Be2 Nf6 7.O-O Bb4 8.Qd3 Nc6
9.Nxc6 bxc6 10.f4 d5 11.e5 Nd7 12.Qg3 g6 13.Bd3 Nc5 14.Kh1 Nxd3 15.cxd3 Rb8
16.d4 Be7 17.b3 c5 18.dxc5 Qxc5 19.f5 gxf5 20.Bh6 Bb7 21.Rac1 Qb4 22.Rf4 Qa3
23.Ra4 Qb2 24.Rb1 Qc2 25.Rc1 Qb2 26.Rb1 Qc2 27.Rc1 f4 28.Bxf4 Qg6 29.Ne2 Kd7
30.Rf1 Rbc8 31.Bc1 Rhg8 32.Ba3 Qh5 33.Qf2 Bxa3 34.Rxa3 Rc2 35.Qb6 Kc8 36.Nf4 Qxe5
37.Ra5 Qc7 38.Qb4 d4  0-1

[Event "La Pobla de Lillet op"]
[Site "La Pobla de Lillet"]
[Date "1997.??.??"]
[Round "3"]
[White "Serra Pages, Jordi"]
[Black "Kovacevic, Slobodan"]
[Result "0-1"]
[WhiteElo "2095"]
[BlackElo "2420"]

1.e4 c5 2.Nf3 e6 3.d4 cxd4 4.Nxd4 a6 5.Nc3 Qc7 6.g3 Bb4 7.Ne2 Nf6 8.Bg2 Be7
9.Nf4 d6 10.g4 h6 11.h4 g6 12.g5 hxg5 13.hxg5 Rxh1+ 14.Bxh1 Nh7 15.Nd3 Nxg5
16.f4 Nh7 17.Be3 Nd7 18.Qe2 Nb6 19.O-O-O Bd7 20.Qh2 Nf8 21.f5 O-O-O 22.Qf2 Nc4
23.Bh6 Re8 24.Nf4 Nh7 25.fxg6 fxg6 26.Nxg6 Bf6 27.Qa7 Bc6 28.e5 Nxe5 29.Nxe5 Bxe5
30.Bxc6 Qxc6 31.Bd2 Bf6 32.Rf1 d5 33.Qe3 Bg7  0-1

[Event "Gran Canaria op"]
[Site "Las Palmas"]
[Date "1997.??.??"]
[Round "?"]
[White "Calzetta, Monica"]
[Black "Cramling, Pia"]
[Result "0-1"]
[WhiteElo "2190"]
[BlackElo "2520"]

1.e4 c5 2.Nf3 e6 3.d4 cxd4 4.Nxd4 a6 5.Nc3 Qc7 6.g3 Bb4 7.Ne2 Nf6 8.Bg2 Be7
9.O-O Nc6 10.b3 O-O 11.Bb2 d6 12.Nf4 b5 13.a3 Bb7 14.Re1 Rac8 15.Rc1 Rfe8
16.Bh3 Ne5 17.Nd3 Qb6 18.Bg2 Nfd7 19.Kh1 Nxd3 20.cxd3 Qxf2 21.Rc2 Qb6 22.Rf1 Bf6
23.Qg4 Qd8 24.Rff2 Rf8 25.Nxb5 Bxb2 26.Nxd6 Ne5  0-1

[Event "Gran Canaria op"]
[Site "Las Palmas"]
[Date "1997.??.??"]
[Round "?"]
[White "Korneev, Oleg"]
[Black "Barlov, Dragan"]
[Result "1/2-1/2"]
[WhiteElo "2565"]
[BlackElo "2470"]

1.e4 c5 2.Nf3 a6 3.Nc3 e6 4.d4 cxd4 5.Nxd4 Qc7 6.Bd3 Nc6 7.Be3 Nf6 8.O-O Be7
9.f4 d6 10.Qf3 Bd7 11.Rfd1 Nxd4 12.Bxd4 Bc6 13.a4 O-O 14.a5 Nd7 15.Ne2 e5
16.Be3 exf4 17.Nxf4 Bf6 18.Ra2 Rae8 19.Nh5 Be5 20.Qg4 Kh8 21.c3 g6 22.Ng3  1/2-1/2

[Event "Leeuwarden op"]
[Site "Leeuwarden"]
[Date "1997.??.??"]
[Round "4"]
[White "Baljon, Christofoor"]
[Black "Nijboer, Friso"]
[Result "0-1"]
[WhiteElo "2310"]
[BlackElo "2605"]

1.e4 c5 2.Nf3 e6 3.d4 cxd4 4.Nxd4 a6 5.Nc3 Qc7 6.Bd3 Nc6 7.Nxc6 dxc6 8.f4 e5
9.O-O Nf6 10.Qf3 b5 11.fxe5 Ng4 12.Bf4 Be6 13.a4 b4 14.Nd5 Qa5 15.h3 Bc5+
16.Kh1 Nf2+ 17.Rxf2 Bxf2 18.Qxf2 cxd5 19.exd5 Bxd5 20.e6 fxe6 21.Qh4 Kd7
22.Bd2 Rab8 23.Rf1 Rhf8 24.Rxf8 Rxf8 25.Bxb4 Qd8 26.Qd4 Rf6 27.Bxa6 Ke8 28.Bb5+ Kf7
29.Qa7+ Kg8 30.Qe7 Bxg2+ 31.Kh2 Qa8 32.Qe8+ Qxe8 33.Bxe8 Rf2 34.Kg3 Rxc2
35.Bc3 Bd5  0-1

[Event "Jaen-ch"]
[Site "Linares"]
[Date "1997.??.??"]
[Round "1"]
[White "Zabala Ordonez, Alvaro"]
[Black "Gadeo Colomina, F."]
[Result "1-0"]
[WhiteElo "2235"]
[BlackElo "1770"]

1.e4 c5 2.Nf3 e6 3.d4 cxd4 4.Nxd4 a6 5.Nc3 Qc7 6.Be3 Nc6 7.Bd3 Nf6 8.O-O Be7
9.Kh1 O-O 10.f4 d6 11.Qf3 e5 12.Nf5 Bxf5 13.exf5 Nb4 14.g4 Qc6 15.g5 Qxf3+
16.Rxf3 Nfd5 17.Nxd5 Nxd5 18.fxe5 dxe5 19.f6 Bd6 20.fxg7 Kxg7 21.Bd2 Nf4
22.Be4 Rab8 23.Rd1 Be7 24.Bc3 Ne2 25.Rd7 Nxc3 26.Rxc3 Bd8 27.h4 b6 28.Bd5 h6
29.Rg3 hxg5 30.hxg5 Rc8 31.g6 Rc7 32.Rxf7+ Rcxf7 33.gxf7+ Kf6 34.Rg8 Be7
35.Kg2 Kf5 36.Kf3 a5 37.c3 b5 38.a3 b4 39.cxb4 axb4 40.a4 e4+ 41.Bxe4+ Ke5
42.Rxf8 Bxf8 43.Bd3  1-0

[Event "Anibal op 4th"]
[Site "Linares"]
[Date "1997.??.??"]
[Round "8"]
[White "Delchev, Aleksander"]
[Black "Korneev, Oleg"]
[Result "1/2-1/2"]
[WhiteElo "2515"]
[BlackElo "2590"]

1.e4 c5 2.Nf3 e6 3.d4 cxd4 4.Nxd4 a6 5.Nc3 Qc7 6.g3 Bb4 7.Bd2 Nf6 8.Bg2 Be7
9.O-O d6 10.a4 O-O 11.a5 Nc6 12.Nb3 Ne5 13.Na4 Nc4 14.Bc3 Bd7 15.Re1 Rfe8
16.Bf1 Rad8 17.Bd4 e5 18.Bb6 Nxb6 19.Nxb6 Bc6 20.Bg2 Bf8 21.c4 g6 22.Nc1 Nd7
23.Nd5 Bxd5 24.cxd5 h6 25.Nd3 Nc5 26.Bh3 Nxd3 27.Qxd3 Qc5 28.Re2  1/2-1/2

[Event "Ljubljana op"]
[Site "Ljubljana"]
[Date "1997.??.??"]
[Round "7"]
[White "Barle, Janez"]
[Black "Rogic, Davor"]
[Result "0-1"]
[WhiteElo "2450"]
[BlackElo "2455"]

1.e4 c5 2.Nf3 e6 3.Nc3 a6 4.d4 cxd4 5.Nxd4 d6 6.f4 Nf6 7.Bd3 b5 8.a3 Bb7
9.Qe2 Nbd7 10.O-O Nc5 11.Kh1 Be7 12.b4 Nxd3 13.cxd3 O-O 14.Bb2 Nd7 15.f5 Bf6
16.fxe6 Bxd4 17.exd7 Qxd7 18.Rac1 f5 19.Nd5 Bxd5 20.Bxd4 fxe4 21.Rxf8+ Rxf8
22.dxe4 Re8 23.Qh5 Bc6 24.h3 Rxe4 25.Bxg7 Re3 26.Rxc6 Qxc6 27.Bf6 Rg3 28.Qe2 Rxh3+
29.Kg1 Qb6+  0-1

[Event "Greenhills op"]
[Site "Manila"]
[Date "1997.??.??"]
[Round "3"]
[White "Pacis, Adrian"]
[Black "Torre, Eugenio"]
[Result "0-1"]
[WhiteElo "2290"]
[BlackElo "2570"]

1.e4 c5 2.Nc3 e6 3.Nf3 a6 4.d4 cxd4 5.Nxd4 Qc7 6.Bd3 Ne7 7.Be3 Nbc6 8.O-O Nxd4
9.Bxd4 Nc6 10.Be3 b5 11.Qe2 Be7 12.Rad1 O-O 13.f4 Bb7 14.Qh5 g6 15.Qh6 Bf6
16.Rf3 Bg7 17.Qh4 Qd8 18.Qf2 d6 19.Rh3 Qe7 20.f5 Ne5 21.Qg3 b4 22.Ne2 Nxd3
23.cxd3 exf5 24.Bg5 f6 25.Bf4 Rad8 26.exf5 Qxe2  0-1

[Event "Manresa op"]
[Site "Manresa"]
[Date "1997.??.??"]
[Round "4"]
[White "Osuna Munoz, Xavier"]
[Black "Vidarte Morales, Arturo"]
[Result "0-1"]
[WhiteElo "2120"]
[BlackElo "2370"]

1.e4 c5 2.Nf3 e6 3.Nc3 a6 4.d4 cxd4 5.Nxd4 Qc7 6.Bd3 b5 7.O-O Bb7 8.Kh1 Nf6
9.Qe2 d6 10.f4 Nbd7 11.Bd2 g6 12.Rae1 e5 13.fxe5 dxe5 14.Ndxb5 axb5 15.Nxb5 Qc6
16.a3 Be7 17.Bb4 Bxb4 18.axb4 O-O 19.Nc3 Qd6 20.b5 Nh5 21.Nd5 Rad8 22.c4 Kg7
23.Rf3 Nc5 24.Bc2 Ne6 25.Rc3 Rfe8 26.Qg4 Nhf4 27.h4 Bxd5 28.exd5 Nd4 29.g3 Nh5
30.Qg5 Nxc2 31.Rxc2 f5 32.Rd1 e4 33.Kg2 e3 34.c5 Qe5  0-1

[Event "Manresa op"]
[Site "Manresa"]
[Date "1997.??.??"]
[Round "7"]
[White "Mowsziszian, Karen"]
[Black "Spassov, Liuben"]
[Result "1-0"]
[WhiteElo "2490"]
[BlackElo "2425"]

1.Nf3 c5 2.e4 e6 3.d4 cxd4 4.Nxd4 a6 5.Nc3 Qc7 6.Bd3 Nf6 7.O-O Bc5 8.Nb3 Be7
9.f4 d6 10.Be3 b6 11.Qf3 Bb7 12.Rae1 h5 13.h3 h4 14.Qf2 Nbd7 15.e5 dxe5 16.fxe5 Nxe5
17.Bxb6 Nxd3 18.cxd3 Qb8 19.Bc5 Qd8 20.Ne4 Rc8 21.Rc1 Bxe4 22.Bxe7 Kxe7 23.Rxc8 Qxc8
24.dxe4 Rh5 25.Qf4 e5 26.Qe3 Kf8 27.Rc1 Qa8 28.Qc5+ Kg8 29.Qc8+ Qxc8 30.Rxc8+ Kh7
31.Nc5 Rg5 32.Ra8 Nh5 33.Nd3 Ng3 34.Nf2 Rg6 35.Rc8 Rd6 36.Rc2 Rd4 37.b3 Nxe4
38.Nxe4 Rxe4 39.Rc6 a5 40.Ra6 Re1+ 41.Kf2 Rb1 42.Rxa5 f6 43.Kf3 Kg6 44.Rb5 Rf1+
45.Ke2 Ra1 46.a4 Kf7 47.Ke3 Ra2 48.Kf3 g5 49.a5 Ra3 50.Ke2 Ra2+ 51.Ke3 Ke6
52.b4 f5 53.Kd3 Kd6 54.Kc4 g4 55.Rb6+ Kc7 56.hxg4 fxg4 57.Rh6 Rc2+ 58.Kb5 Rxg2
59.Rxh4 e4 60.a6 e3 61.Rh7+ Kd6 62.Rh6+ Ke5 63.a7 Ra2 64.Ra6  1-0

[Event "Mar del Plata op"]
[Site "Mar del Plata"]
[Date "1997.??.??"]
[Round "4"]
[White "Zarnicki, Pablo"]
[Black "Giardelli, Sergio C"]
[Result "1-0"]
[WhiteElo "2560"]
[BlackElo "2460"]

1.e4 c5 2.Nf3 e6 3.d4 cxd4 4.Nxd4 a6 5.Nc3 Qc7 6.Bd3 b5 7.O-O Bb7 8.Re1 Bc5
9.Be3 d6 10.Bxb5+ axb5 11.Ndxb5 Qc6 12.Bxc5 dxc5 13.Nd6+ Ke7 14.Nf5+ exf5
15.exf5+ Kf6 16.Ne4+ Qxe4 17.Rxe4 Bxe4 18.Qd6+ Kxf5 19.f3 f6 20.fxe4+ Kg6
21.Qf8 h5 22.Rd1 Kh7 23.Qc8 Ne7 24.Qxc5 Nbc6 25.Qxh5+ Kg8 26.Qc5 Rh4 27.Qc4+ Kh8
28.Qe6 Rb8 29.b3 Rh5 30.Rd3 Rbb5 31.Qf7 Rbe5 32.c4 Rh4 33.Rg3 Rg5 34.e5 Rxg3
35.exf6 Ng8 36.hxg3  1-0

[Event "Mar del Plata op"]
[Site "Mar del Plata"]
[Date "1997.??.??"]
[Round "5"]
[White "Van Riemsdijk, Herman C"]
[Black "Urday, Henry"]
[Result "1-0"]
[WhiteElo "2395"]
[BlackElo "2440"]

1.e4 c5 2.Nf3 e6 3.d4 cxd4 4.Nxd4 a6 5.Nc3 Qc7 6.g3 Bb4 7.Ne2 Nf6 8.Bg2 Be7
9.Nf4 Nc6 10.g4 d6 11.g5 Nd7 12.Nd3 b5 13.Be3 Bb7 14.f4 Na5 15.Bf2 Nc4 16.Ne2 Nc5
17.b3 Nb6 18.Nxc5 dxc5 19.O-O O-O 20.Qc1 f5 21.Qe3 fxe4 22.Bxe4 Nd5 23.Qh3 Rf5
24.Bxf5 exf5 25.Rfe1 Bd6 26.Qxf5 Rf8 27.Qe6+ Kh8 28.f5 Ne3 29.Ng3 Nxc2 30.Rad1 Nxe1
31.Rxd6 Nf3+ 32.Kf1 Nxh2+ 33.Ke2 Bf3+ 34.Ke3 Qa5 35.Qe7 Qc3+ 36.Kf4 Rg8 37.f6 Qb4+
38.Rd4 Qc3 39.fxg7+ Rxg7 40.Qf8+ Rg8 41.Qf6+  1-0

[Event "Mar del Plata op"]
[Site "Mar del Plata"]
[Date "1997.??.??"]
[Round "9"]
[White "Kanefsck, Gustavo"]
[Black "Giardelli, Sergio C"]
[Result "0-1"]
[WhiteElo "2350"]
[BlackElo "2460"]

1.e4 c5 2.Nf3 e6 3.d4 cxd4 4.Nxd4 a6 5.Nc3 Qc7 6.Bd3 b5 7.O-O Bb7 8.a3 Nc6
9.Nxc6 Bxc6 10.Re1 Bd6 11.h3 Ne7 12.Ne2 O-O 13.Nd4 Bb7 14.Nf3 Ng6 15.a4 b4
16.Bd2 Bc5 17.c3 Qb6 18.Qe2 bxc3 19.bxc3 Qc7 20.Rab1 Bc6 21.Bc2 Nf4 22.Bxf4 Qxf4
23.Nd4 Rac8 24.Bd3 Bxa4 25.Bxa6 Rc7 26.Ra1 Bc6 27.Rad1 Ba8 28.Rd3 Ra7 29.Bc4 Ra3
30.Nb5 Ra4 31.Rf3 Qe5 32.Bd3 f5 33.c4 Ra1 34.Rxa1 Qxa1+ 35.Kh2 Qe5+ 36.g3 fxe4
37.Rxf8+ Kxf8 38.f4 Qa1 39.Qf1 Qb2+ 40.Qe2  0-1

[Event "Marostica op"]
[Site "Marostica"]
[Date "1997.??.??"]
[Round "4"]
[White "Pegoraro, Nicola"]
[Black "Marchini, Massimo"]
[Result "0-1"]
[WhiteElo "2065"]
[BlackElo "2150"]

1.e4 c5 2.Nf3 e6 3.d4 cxd4 4.Nxd4 a6 5.Nc3 Qc7 6.Be3 Bb4 7.Bd2 Nf6 8.Bd3 Nc6
9.Nxc6 bxc6 10.O-O Be7 11.Qe2 d5 12.e5 Nd7 13.f4 c5 14.Qg4 g6 15.Rae1 Bb7
16.b3 O-O-O 17.Qe2 Qc6 18.Na4 Rde8 19.Nb2 f5 20.Qd1 Reg8 21.Be2 g5 22.c4 g4
23.Rf2 Bh4 24.Bf1 Bxf2+ 25.Kxf2 d4 26.Nd3 Rg7 27.Re2 g3+ 28.hxg3 Rhg8 29.Ba5 Rxg3
30.Ke1 Nb6 31.Qc2 Kd7 32.Kd1 Ke7 33.Be1 R3g7 34.Kc1 Ra8 35.Bh4+ Kf8 36.Bg5 Rg6
37.Kb2 h6 38.Bh4 a5 39.a4 Qc7 40.Qd2 Nd7 41.Rf2 Bc6 42.Ne1 Qb7 43.Ka2 Rb8
44.Qc2 Be4 45.Bd3 Bxd3 46.Qxd3 Kf7 47.Re2 Rc8 48.Qd2 Qb6 49.Nd3 Nb8 50.Be1 Nc6
51.Qd1 Rcg8 52.g3 Nb4+ 53.Nxb4 axb4 54.Kb2 Qb7 55.Qd2 Qf3 56.Rg2 Qc3+ 57.Qxc3 bxc3+
58.Kc2 Rb8 59.Rh2 Kg7 60.Bf2 Kh7 61.Rh1 Rg7 62.Rb1 Rgb7 63.a5 Kg6  0-1

[Event "Marostica op"]
[Site "Marostica"]
[Date "1997.??.??"]
[Round "6"]
[White "Caruso, Augusto"]
[Black "Marchini, Massimo"]
[Result "1-0"]
[WhiteElo "2265"]
[BlackElo "2150"]

1.e4 c5 2.Nf3 e6 3.Nc3 a6 4.d4 cxd4 5.Nxd4 Qc7 6.Bd3 Nc6 7.Nde2 Nf6 8.O-O Be7
9.f4 d6 10.f5 exf5 11.Nd5 Nxd5 12.exd5 Ne5 13.Bxf5 Bxf5 14.Rxf5 Qc5+ 15.Kh1 g6
16.Rf1 Ng4 17.Nd4 h5 18.h3 Qxd5 19.hxg4 hxg4+ 20.Kg1 Qh5 21.Bf4 Qh1+ 22.Kf2 Bh4+
23.g3 Qh2+ 24.Ke3 Bxg3 25.Qxg4 Rh3 26.Rf3 Bxf4+ 27.Qxf4 Rxf3+ 28.Kxf3 Qh3+
29.Qg3 Qh5+ 30.Qg4 Qd5+ 31.Qe4+ Qxe4+ 32.Kxe4 Kd7 33.Rf1 Re8+ 34.Kd3 Re7
35.Rf6 b5 36.Nf3 a5 37.Ng5 Re5 38.Nxf7 Ke7 39.Nxe5 Kxf6 40.Nc6 g5 41.Nxa5 Kf5
42.Nc6 Kf4 43.Nd4 g4 44.Nxb5  1-0

[Event "CRO-chT"]
[Site "Medulin"]
[Date "1997.??.??"]
[Round "?"]
[White "Movsesian, Sergei"]
[Black "Gavrikov, Viktor"]
[Result "1/2-1/2"]
[WhiteElo "2630"]
[BlackElo "2590"]

1.e4 c5 2.Nf3 e6 3.d4 cxd4 4.Nxd4 a6 5.Nc3 Qc7 6.g3 Bb4 7.Ne2 Nf6 8.Bg2 Be7
9.O-O Nc6 10.h3 d6 11.Kh1 b5 12.a3 Rb8 13.f4 O-O 14.g4 Nd7 15.g5 b4 16.axb4 Nxb4
17.f5 Re8 18.Nf4 exf5 19.Nfd5 Nxd5 20.Nxd5 Qd8 21.Qh5 f4 22.Bxf4 Bb7 23.Nxe7+ Qxe7
24.Bxd6 Qxd6 25.Qxf7+ Kh8 26.Rad1 Qe5 27.Rxd7 Bxe4  1/2-1/2

[Event "CRO-chT2"]
[Site "Medulin"]
[Date "1997.??.??"]
[Round "?"]
[White "Bubalovic, Davorin"]
[Black "Antunac, Goran"]
[Result "1-0"]
[WhiteElo "2350"]
[BlackElo "2400"]

1.e4 c5 2.Nf3 e6 3.d4 cxd4 4.Nxd4 a6 5.Nc3 Qc7 6.Be2 Nf6 7.O-O Nc6 8.Be3 b5
9.Nxc6 dxc6 10.Bf3 e5 11.a4 b4 12.Nb1 Be7 13.Nd2 a5 14.Be2 O-O 15.Bc4 Bg4
16.f3 Be6 17.Bxe6 fxe6 18.Qe2 Nh5 19.Rad1 Rf6 20.Nb3 Rg6 21.Qc4 Rf8 22.Kh1 Kh8
23.Qa6 Bd8 24.Qa7 Rgf6 25.Qxc7 Bxc7 26.Bc5 Rc8 27.Rd2 Kg8 28.Rfd1 Rf7 29.Bd6 Nf6
30.Bxc7 Rfxc7 31.Nc5 Kf7 32.Rd6 Re8 33.Nd3 Ke7 34.Nxe5 Rec8 35.R6d2 Ra8 36.Kg1 Ra6
37.b3 c5 38.Nc4 Nd7 39.Kf2 h6 40.Ke2 Nb8 41.Ne5 Kf6 42.f4 g5 43.g3 h5 44.Ke3 h4
45.Rd6 Rxd6 46.Rxd6 hxg3 47.hxg3 gxf4+ 48.gxf4 Ke7 49.Rb6 Nd7 50.Nxd7 Kxd7
51.Kd3 c4+ 52.bxc4 Ke7 53.Kd4 e5+ 54.fxe5 Rd7+ 55.Rd6 Rb7 56.Rd5 b3 57.cxb3 Rxb3
58.Rxa5 Rb1 59.Ra7+ Ke6 60.Ra6+ Ke7 61.a5 Rd1+ 62.Kc5 Re1 63.Rh6 Rxe4 64.Kd5 Re1
65.Rh7+ Kd8 66.a6  1-0